| 000 | 00324nam a22001337a 4500 | ||
|---|---|---|---|
| 020 | _qPB. | ||
| 040 | _cFIZZA ISHAQ | ||
| 082 |
_a005.453 _bREI |
||
| 100 |
_aWILHELM,REINHARD. _991931 |
||
| 245 |
_aCOMPILER DESIGN VIRTUAL MACHINES / _cREINHARD WILHELM. |
||
| 260 |
_aSSBM ; _c2011. |
||
| 300 | _a674 P. ; | ||
| 942 |
_2ddc _cBK |
||
| 999 |
_c590050 _d590050 |
||